soccer players - Statistics

General Stats
  • This quiz has been taken 26 times
  • The average score is 18 of 36
Answer Stats
Hint answer % Correct
Egypt,liverpool,peace salah
95%
argentina,inter miami messi
85%
England,arsenal,black saka
80%
uruguay,inter Miami,bite Suarez
75%
norway,man city🤖 haaland
70%
morocco,psg,penguin hakimi
65%
Poland,barcelona,5 in 11 lewandowski
65%
america,ac.milan pulisic
65%
South Korea,spurs Son Heung-min
65%
Germany,retired,real madrid kroos
60%
croatia,real madrid modric
60%
spain,man city rodri
60%
Belgium,man city,assist de bruyne
55%
Argentina,benfica,🫶 di maria
55%
england,man city foden
55%
argentina,Internazionale martinez
55%
france,real madrid,ninga turtle mbappe
55%
uruguay,real madrid valverde
50%
england,real madrid bellingham
45%
Cameroon,retired eto'o
45%
england,munich kane
45%
brazil,retired🏆 pele
45%
Brazil,real madrid🫴 vinicius
45%
spain,barcelona,tenager yamal
45%
france,retired,heatbutt zidane
45%
england,liverpool Trent Alexander arnold
40%
england,man city,🚶 walker
40%
germany,leverkusen wirtz
40%
Serbia,juvetes vlahovic
35%
spain,real madrid Carvajal
30%
nigeria,Galatasaray osimhen
30%
portugal,retired,SUIIII ronaldo cr7
30%
netherlands,retired cruyff
20%
famous hair cut,Brazil,retired r9 nazario
20%
germany,roma hummels
15%
france,athletico greizmann
10%
No matching quizzes found
Score Distribution
Percent of People with Each Score
Percentile by Number Answered
Your Score History
You have not taken this quiz